|
|
|
|
| LEADER |
01612nam a2200409 i 4500 |
| 001 |
EBC4730319 |
| 003 |
MiAaPQ |
| 005 |
20200520144314.0 |
| 006 |
m o d | |
| 007 |
cr cnu|||||||| |
| 008 |
161110t19671967onc o 001 0 eng d |
| 020 |
|
|
|z 9781442639645
|
| 020 |
|
|
|a 9781442653436
|q (electronic bk.)
|
| 035 |
|
|
|a (MiAaPQ)EBC4730319
|
| 035 |
|
|
|a (Au-PeEL)EBL4730319
|
| 035 |
|
|
|a (CaPaEBR)ebr11292480
|
| 035 |
|
|
|a (OCoLC)962156326
|
| 040 |
|
|
|a MiAaPQ
|b eng
|e rda
|e pn
|c MiAaPQ
|d MiAaPQ
|
| 043 |
|
|
|a n-cn---
|
| 050 |
|
4 |
|a HE215
|b .C877 1967
|
| 082 |
0 |
|
|a 380.50971
|
| 100 |
1 |
|
|a Currie, A. W.
|q (Archibald William),
|e author.
|
| 245 |
1 |
0 |
|a Canadian transportation economics /
|c A. W. Currie.
|
| 264 |
|
1 |
|a [Toronto, Ontario] :
|b University of Toronto Press,
|c 1967.
|
| 264 |
|
4 |
|c 1967
|
| 300 |
|
|
|a 1 online resource (728 pages)
|
| 336 |
|
|
|a text
|2 rdacontent
|
| 337 |
|
|
|a computer
|2 rdamedia
|
| 338 |
|
|
|a online resource
|2 rdacarrier
|
| 500 |
|
|
|a Includes index.
|
| 588 |
|
|
|a Description based on print version record.
|
| 590 |
|
|
|a Electronic reproduction. Ann Arbor, MI : ProQuest, 2016. Available via World Wide Web. Access may be limited to ProQuest affiliated libraries.
|
| 650 |
|
0 |
|a Transportation
|z Canada.
|
| 655 |
|
4 |
|a Electronic books.
|
| 776 |
0 |
8 |
|i Print version:
|a Currie, A. W. (Archibald William)
|t Canadian transportation economics.
|d [Toronto, Ontario] : University of Toronto Press, c1967
|h viii, 719 pages
|z 9781442639645
|w 67114736
|
| 797 |
2 |
|
|a ProQuest (Firm)
|
| 856 |
4 |
0 |
|u https://ebookcentral.proquest.com/lib/matrademy/detail.action?docID=4730319
|z Click to View
|